[Event "Zug"]
[Site "Zug"]
[Date "1987.??.??"]
[Round "2"]
[White "Summermatter, Daniel"]
[Black "Faure, Mark"]
[Result "1-0"]
[WhiteElo "2220"]
[BlackElo "2375"]

1.c4 Nf6 2.Nc3 e6 3.Nf3 c5 4.g3 d5 5.cxd5 exd5 6.d4 Nc6 7.Bg2 Be7 8.O-O O-O
9.Bf4 Be6 10.dxc5 Bxc5 11.Rc1 a6 12.Bg5 Be7 13.Nd4 Rc8 14.Nxe6 fxe6 15.Bh3 Qd6
16.Bf4 Ne5 17.Qd4 Nfd7 18.Bxe5 Nxe5 19.Nxd5 Kh8 20.Rxc8 Rxc8 21.Qd1 Rd8 22.Nc3 Qc7
23.Qa4 b5 24.Qxa6 b4 25.Ne4 Qc2 26.Bg2 Nc6 27.e3 h6 28.b3 Rf8 29.Qc4 Qxc4
30.bxc4 Ne5 31.c5 Ra8 32.f4 Nc4 33.Nd6 Rxa2 34.Nxc4 Bxc5 35.Rd1 b3 36.Be4 g5
37.fxg5 hxg5 38.Rb1 Ra4 39.Bd3 Rb4 40.Kf2 Kg7 41.Nd2 b2 42.Nc4  1-0

[Event "Akureyri"]
[Site "Akureyri"]
[Date "1988.??.??"]
[Round "?"]
[White "Olafsson, Helgi"]
[Black "Gurevich, Mikhail"]
[Result "0-1"]
[WhiteElo "2510"]
[BlackElo "2625"]

1.c4 c5 2.Nf3 Nf6 3.Nc3 e6 4.g3 b6 5.Bg2 Bb7 6.O-O d6 7.d4 cxd4 8.Qxd4 a6
9.b3 Nbd7 10.Ng5 Bxg2 11.Kxg2 Be7 12.Nge4 Qc7 13.Rd1 O-O 14.Bg5 Qc6 15.f3 Rfd8
16.Nxf6+ Bxf6 17.Bxf6 Nxf6 18.Rac1 Rac8 19.Na4 b5 20.cxb5 Qxb5 21.Kf2 h6
22.h4 Nd5 23.Nc3 Nxc3 24.Rxc3 Qa5 25.Rdc1 Rxc3 26.Qxc3 Qb6+ 27.e3 Rb8 28.Qc7 Qb4
29.Rd1 d5 30.Rd4 Qf8 31.Rd2 Rc8 32.Qa5 Qd6 33.e4 Rc1 34.Kg2 Qe5 35.Qxa6 Qa1
36.exd5 Rh1 37.f4 Qe1 38.Qe2 Rg1+ 39.Kf3 Qxg3+ 40.Ke4 Re1  0-1

[Event "Akureyri"]
[Site "Akureyri"]
[Date "1988.??.??"]
[Round "?"]
[White "Hjartarson, Johann"]
[Black "Dolmatov, Sergey"]
[Result "1/2-1/2"]
[WhiteElo "2590"]
[BlackElo "2565"]

1.Nf3 e6 2.c4 c5 3.Nc3 Nf6 4.g3 b6 5.Bg2 Bb7 6.O-O a6 7.d4 cxd4 8.Qxd4 d6
9.b3 Nbd7 10.Rd1 Be7 11.e4 Qb8 12.Ba3 Nc5 13.e5 dxe5 14.Qxe5 Ncd7 15.Qxb8+ Rxb8
16.Bc1  1/2-1/2

[Event "OHRA-B"]
[Site "Amsterdam"]
[Date "1988.??.??"]
[Round "?"]
[White "Lerner, Konstantin Z"]
[Black "Ermenkov, Evgenij"]
[Result "1/2-1/2"]
[WhiteElo "2530"]
[BlackElo "2475"]

1.Nf3 c5 2.c4 Nf6 3.Nc3 b6 4.d4 cxd4 5.Nxd4 Bb7 6.Bg5 e6 7.e4 d6 8.Bd3 Be7
9.Qe2 O-O 10.O-O-O a6 11.f4 Nfd7 12.h4 Nc6 13.Nxc6 Bxc6 14.Bxe7 Qxe7 15.Kb1 Rfd8
16.h5 Qf6 17.Qe3 h6 18.Bc2 e5 19.f5 Qe7 20.Ba4 Bxa4 21.Nxa4 b5 22.Nc3 bxc4
23.Nd5 Qg5 24.Qxg5 hxg5 25.Rc1 Nf6 26.Nxf6+ gxf6 27.Rxc4 d5 28.exd5 Rxd5
29.g4 Rad8 30.Re1 Rd2 31.Rec1 Kg7 32.R1c2 Rd1+ 33.Rc1 R1d2 34.R1c2  1/2-1/2

[Event "Baden-Baden"]
[Site "Baden-Baden"]
[Date "1988.??.??"]
[Round "?"]
[White "Suba, Mihai"]
[Black "Rajkovic, Dusan"]
[Result "1/2-1/2"]
[WhiteElo "2535"]
[BlackElo "2495"]

1.Nf3 c5 2.c4 Nf6 3.Nc3 b6 4.e4 d6 5.d4 cxd4 6.Nxd4 Bb7 7.f3 e6 8.Be3 a6
9.Be2 Nbd7 10.O-O Be7 11.Qd2 O-O 12.Rfc1 Qc7 13.Rc2 Rfe8 14.Re1 Rac8 15.b4  1/2-1/2

[Event "Baku"]
[Site "Baku"]
[Date "1988.??.??"]
[Round "?"]
[White "Huzman, Alexander"]
[Black "Magerramov, Elmar"]
[Result "1/2-1/2"]
[WhiteElo "2465"]
[BlackElo "2430"]

1.Nf3 Nf6 2.c4 c5 3.Nc3 e6 4.g3 Nc6 5.Bg2 d5 6.cxd5 Nxd5 7.O-O Be7 8.d4 O-O
9.e4 Nb6 10.dxc5 Qxd1 11.Rxd1 Bxc5 12.e5 Nc4 13.Na4 Be7 14.Bf4 Rb8 15.b3 Na3
16.Rac1 Nb4 17.Bd2 Nbc2 18.Bg5 Bxg5 19.Nxg5 Nb4 20.Rd2 b6 21.Rc7 Nb5 22.Rc4 a5
23.h4 Ba6 24.Rc1 Rfd8 25.Rcd1 Rxd2 26.Rxd2 h6 27.Ne4 Na3 28.Rd6 Nxa2 29.Rxb6 Rxb6
30.Nxb6 Nc1 31.Nc5 Be2 32.Bf1 Kf8 33.Kg2 Ke8 34.Bxe2 Nxe2 35.Nb7 Nd4 36.Nxa5 Nac2
37.Nbc4 Kd7 38.Nd6 Ke7 39.Ndc4 Kd7 40.f4 h5 41.Kf2 Ke7 42.Nd2 f6  1/2-1/2

[Event "Balatonbereny op"]
[Site "Balatonbereny"]
[Date "1988.??.??"]
[Round "4"]
[White "Orgovan, Sandor"]
[Black "Mikhalchishin, Adrian"]
[Result "0-1"]
[WhiteElo "2310"]
[BlackElo "2490"]

1.Nf3 c5 2.c4 Nf6 3.Nc3 d5 4.cxd5 Nxd5 5.e4 Nb4 6.Bb5+ N8c6 7.d4 cxd4 8.a3 dxc3
9.Qxd8+ Kxd8 10.axb4 cxb2 11.Bxb2 e6 12.O-O f6 13.Rfd1+ Kc7 14.e5 f5 15.Nd4 Bxb4
16.Rac1 Bd7 17.Bxc6 bxc6 18.Nb5+ Kb6 19.Rxd7 Kxb5 20.Rb7+ Ka4 21.Rxc6 a5
22.g3 Rac8 23.Rxe6 Rhd8 24.Rd6 Bxd6 25.exd6 Rb8 26.Rxb8 Rxb8 27.Bxg7 Kb5  0-1

[Event "Balatonbereny op"]
[Site "Balatonbereny"]
[Date "1988.??.??"]
[Round "10"]
[White "Huzman, Alexander"]
[Black "Antic, Dejan"]
[Result "1-0"]
[WhiteElo "2490"]
[BlackElo "2325"]

1.Nf3 c5 2.c4 Nf6 3.Nc3 g6 4.d4 cxd4 5.Nxd4 Nc6 6.e4 Nxd4 7.Qxd4 d6 8.Bg5 Bg7
9.Be2 O-O 10.O-O Be6 11.Qd2 Qa5 12.f3 Rfc8 13.b3 a6 14.Na4 Qxd2 15.Bxd2 Nd7
16.Rac1 Nc5 17.Nc3 a5 18.Rfd1 h5 19.Bg5 Kf8 20.Nd5 Bxd5 21.exd5 Ra6 22.Rc2 Rb6
23.Bd2 Ra8 24.Be1 Be5 25.g3 Kg7 26.Kg2 Bf6 27.f4 Rba6 28.Bf3 Rb6 29.Re2 Rba6
30.Rc2 Kf8 31.Re2 Rb6 32.Be4 Rba6 33.Bc2 Rb8 34.a3 Rba8 35.b4 axb4 36.axb4 Na4
37.Bxa4 Rxa4 38.c5 dxc5 39.bxc5 Bd4 40.c6 bxc6 41.dxc6 Rc4 42.c7 Re8 43.Ba5 Ra4
44.Rxe7 Ra8 45.Rd7 R4xa5  1-0

[Event "GMA-Open"]
[Site "Belgrade"]
[Date "1988.??.??"]
[Round "?"]
[White "Kaidanov, Grigory S"]
[Black "Hulak, Krunoslav"]
[Result "0-1"]
[WhiteElo "2535"]
[BlackElo "2490"]

1.c4 Nf6 2.Nc3 c5 3.Nf3 e6 4.e3 Nc6 5.d4 d5 6.cxd5 exd5 7.Be2 Bd6 8.O-O O-O
9.Nb5 Be7 10.dxc5 Bxc5 11.b3 Qe7 12.Bb2 Rd8 13.Rc1 Ne4 14.Nbd4 Rd6 15.Nxc6 bxc6
16.b4 Bb6 17.Ne5 Bb7 18.Bd3 Re6 19.Bxe4 dxe4 20.Nc4 Rd8 21.Qg4 f5 22.Qxf5 Rd5
23.Qg4 Bc7 24.f4 exf3 25.Qxf3 c5 26.Kh1 cxb4 27.e4 Rd8 28.Ne3 Bxe4 29.Qg4 h5
30.Qh3 Bb6 31.Nf5 Qg5 32.Ng3 Bd5 33.Rf5 Qd2 34.Rxh5 Qxc1+  0-1

[Event "GMA-Open"]
[Site "Belgrade"]
[Date "1988.??.??"]
[Round "?"]
[White "Shamkovich, Leonid"]
[Black "Jovic, Aleksandar"]
[Result "1/2-1/2"]
[WhiteElo "2450"]
[BlackElo "2290"]

1.c4 Nf6 2.Nc3 c5 3.Nf3 b6 4.g3 Bb7 5.Bg2 g6 6.O-O Bg7 7.d4 cxd4 8.Nxd4 Bxg2
9.Kxg2 O-O 10.e4 Nc6 11.Be3 Rc8 12.b3 Qc7 13.f3 Rfd8 14.Rf2 Qb7 15.Rd2 a6
16.Qe2 Na5 17.Rad1 d6 18.Nd5 Re8 19.Nc2 Nd7 20.Bd4 Nc6 21.Bxg7 Kxg7 22.Nce3 b5
23.Rc2 e5 24.Qd2 Nd4 25.Ng4 Re6 26.Rc3 bxc4 27.Rdc1 h5 28.Nge3 Nb6 29.Nxb6 Qxb6
30.Nd5 Qa5 31.Qf2 Qa3 32.b4 Qa4 33.Nb6 Qe8 34.Nxc8 Qxc8 35.Rxc4 Qb8 36.a3 Rf6
37.Rxd4 exd4 38.Qxd4 Qb5 39.Rc4 h4 40.Qd5 Qa4 41.Rc3 hxg3 42.hxg3 Re6 43.Qd4+ Rf6
44.g4 Qb5 45.Kf2 a5 46.bxa5 Qxa5 47.Rc6 Qxa3 48.Qc3 Qa2+ 49.Kg3 Qb1 50.Kg2 Qa2+
51.Qc2 Qa5 52.Qb2 Qe5 53.Qd2 g5 54.Qc3 Qxc3 55.Rxc3 d5 56.Rc5 dxe4 57.Rxg5+ Kh6
58.Rh5+ Kg6  1/2-1/2

[Event "GMA-Open"]
[Site "Belgrade"]
[Date "1988.??.??"]
[Round "?"]
[White "Plaskett, Jim"]
[Black "Dokhoian, Yury"]
[Result "0-1"]
[WhiteElo "2450"]
[BlackElo "2520"]

1.c4 Nf6 2.Nc3 c5 3.Nf3 e6 4.g3 d5 5.cxd5 Nxd5 6.Bg2 Nc6 7.O-O Be7 8.d4 O-O
9.Nxd5 exd5 10.dxc5 Bxc5 11.Qc2 Bb6 12.Ng5 g6 13.Qd1 d4 14.Ne4 Bf5 15.Bg5 f6
16.Bh6 Rf7 17.Bf4 Rd7 18.b4 Qe7 19.Nc5 Bxc5 20.bxc5 Qxc5 21.Qb3+ Kg7 22.Rfc1 Qe7
23.Rxc6 bxc6 24.Bxc6 Rad8 25.Bxd7 Rxd7 26.Qc4 d3 27.exd3 Qe2 28.Qc3 Qf3 29.Rc1 g5
30.Bd2 Bh3 31.Qc6 Rd5  0-1

[Event "GMA-Open"]
[Site "Belgrade"]
[Date "1988.??.??"]
[Round "?"]
[White "Huzman, Alexander"]
[Black "Kovacevic, Sinisa"]
[Result "0-1"]
[WhiteElo "2465"]
[BlackElo "2340"]

1.Nf3 c5 2.c4 Nf6 3.Nc3 b6 4.e3 e6 5.d4 a6 6.Bd3 Be7 7.O-O Bb7 8.Qe2 d6 9.Rd1 Nbd7
10.d5 exd5 11.cxd5 b5 12.e4 O-O 13.a4 b4 14.Nb1 a5 15.Nbd2 Nb6 16.Nc4 Nxc4
17.Bxc4 Nd7 18.Bf4 Qc7 19.Rac1 Bf6 20.Bb5 Rfd8 21.h3 Nb6 22.Nd4 Bxd4 23.Rxd4 Qe7
24.Rd2 Bc8 25.e5 Bd7 26.Bxd7 Qxd7 27.e6 Qe7 28.Re1 f6 29.b3 Ra7 30.Qb5 Nc8
31.g4 h6 32.Rde2 Re8 33.Bg3 Rb7 34.Qxa5 Rb6 35.f4 Qb7 36.f5 Ne7 37.Bxd6 Rxd6
38.Qxc5 Rxd5 39.Qe3 Red8 40.Qf3 Qb6+ 41.Kg2 Rd3 42.Re3 Rd2+ 43.R3e2 R2d5
44.Re4 Qd6 45.R1e2 Rd1 46.Qf4 Qd5 47.Kh2 Qxb3 48.Rxb4 Rh1+  0-1

[Event "GMA-Open"]
[Site "Belgrade"]
[Date "1988.??.??"]
[Round "?"]
[White "Spiridonov, Nikola"]
[Black "Antic, Dejan"]
[Result "1/2-1/2"]
[WhiteElo "2420"]
[BlackElo "2325"]

1.c4 Nf6 2.Nc3 c5 3.Nf3 g6 4.d4 cxd4 5.Nxd4 Bg7 6.e4 d6 7.Be2 O-O 8.Be3 Nc6
9.Qd2 Nxd4 10.Bxd4 Bd7 11.O-O Bc6 12.f3 a5 13.Kh1 Nd7 14.Bxg7 Kxg7 15.f4 Nc5
16.Rad1 Kg8 17.Qe3 Qb6 18.Rd2 Na4 19.Qxb6 Nxb6 20.b3 Nd7 21.Nd5 Bxd5 22.Rxd5 Nf6
23.Rb5 Nxe4 24.Rxb7 e6 25.Bf3 Nd2 26.Rd1 Nxf3 27.gxf3 Rfd8 28.Rb6 d5 29.c5 Rab8
30.Rd4 Kf8 31.Kg2 Ke7 32.Ra4 Rxb6 33.cxb6 Rb8 34.Rxa5 Rxb6 35.Ra7+ Kf6 36.Rc7 d4
37.Rd7 Ra6 38.a4 Rb6 39.Rxd4 Rxb3 40.Kg3 Ra3 41.Rb4 Ra2 42.h4  1/2-1/2

[Event "GMA-Open"]
[Site "Belgrade"]
[Date "1988.??.??"]
[Round "?"]
[White "Todorovic, Goran N"]
[Black "Pigusov, Evgeny"]
[Result "0-1"]
[WhiteElo "2400"]
[BlackElo "2530"]

1.Nf3 c5 2.c4 Nf6 3.Nc3 b6 4.g3 Bb7 5.Bg2 g6 6.O-O Bg7 7.Re1 O-O 8.e4 Nc6
9.d3 d6 10.Rb1 Ne8 11.Be3 Nd4 12.Nd5 e6 13.Nf4 Nc6 14.h4 Nf6 15.Nh2 h6 16.a3 a5
17.Ne2 Ne5 18.Nc3 h5 19.Bf4 Nfg4 20.Nf1 Nc6 21.Nb5 Nge5 22.Ne3 Ba6 23.Nc2 Rb8
24.b3 Qd7 25.a4 Bxb5 26.cxb5 Nd4 27.Nxd4 cxd4 28.Bxe5 dxe5 29.Rc1 Rfc8 30.Rc4 Bf8
31.Qc1 Bc5 32.Qg5 Bd6 33.f4 Rxc4 34.bxc4 exf4 35.e5 Bb4 36.Rf1 fxg3 37.Be4 Bf8
38.Kg2 Bg7 39.Re1 Qc7 40.Bc6 Qd8 41.Qxg3 Qe7 42.Kh3 Qb4 43.Rg1 Qxa4 44.Bf3 Qa3
45.Bxh5 Qc5 46.Bf3 Qxe5 47.h5 Qxg3+ 48.Rxg3 gxh5 49.Rg5 Kf8 50.c5 Bf6 51.Rxh5 Ke7
52.cxb6 Rh8 53.Kg4 Rxh5 54.Kxh5 a4 55.Bd1 a3 56.Bb3 Be5 57.Kh6 Bb8 58.Kg5 f5
59.Ba2 f4 60.Kg4 e5  0-1

[Event "GMA-Open"]
[Site "Belgrade"]
[Date "1988.??.??"]
[Round "?"]
[White "Loginov, Valery A"]
[Black "Zaichik, Gennadi"]
[Result "0-1"]
[WhiteElo "2455"]
[BlackElo "2510"]

1.Nf3 Nf6 2.c4 c5 3.Nc3 b6 4.g3 Bb7 5.Bg2 g6 6.O-O Bg7 7.d4 Ne4 8.Nxe4 Bxe4
9.d5 O-O 10.Bh3 Bxf3 11.exf3 e5 12.f4 exf4 13.Bxf4 Bxb2 14.Rb1 Bf6 15.Qa4 d6
16.Rfe1 a6 17.Re2 Ra7 18.Rbe1 b5 19.cxb5 Kg7 20.Qa3 h5 21.Re4 Qb6 22.Qc1 Rh8
23.Re8 Rxe8 24.Rxe8 Qxb5 25.Rc8 Nd7 26.Bxd6 Kh7 27.Qe1 Bg7 28.Qe7 Qb1+ 29.Bf1 Nb6
30.Qxa7 Nxc8 31.Bxc5 Nxa7 32.Bxa7 Qb7 33.Be3 Qxd5 34.Bxa6 Qxa2 35.Bf1 Qa1
36.Kg2 Bd4 37.Bxd4 Qxd4 38.h4 Kg7 39.Kg1 Kf6 40.Kg2 Ke5  0-1

[Event "GMA-Open"]
[Site "Belgrade"]
[Date "1988.??.??"]
[Round "?"]
[White "Jovicic, Milos"]
[Black "Jukic, Mirko"]
[Result "1/2-1/2"]
[WhiteElo "2350"]
[BlackElo "2470"]

1.Nf3 Nf6 2.c4 e6 3.Nc3 c5 4.g3 b6 5.Bg2 Bb7 6.O-O Be7 7.d4 cxd4 8.Qxd4 d6
9.b3 Nbd7 10.Nb5 Nc5 11.Rd1 Nfe4 12.Bf4 Bf6 13.Qe3 O-O 14.Rac1 e5 15.Bxe5 Bxe5
16.Nxe5 Re8 17.b4 Rxe5 18.bxc5 Nxc5 19.Qxe5 dxe5 20.Rxd8+ Rxd8 21.Bxb7 Nxb7
22.Nxa7 Ra8 23.Nc6 Rxa2 24.Kf1 f6 25.Ne7+ Kf7 26.Nd5 Rb2 27.Ra1 b5  1/2-1/2

[Event "GMA-Open"]
[Site "Belgrade"]
[Date "1988.??.??"]
[Round "?"]
[White "Banas, Jan"]
[Black "Gruenfeld, Yehuda"]
[Result "0-1"]
[WhiteElo "2380"]
[BlackElo "2520"]

1.c4 e6 2.Nc3 c5 3.Nf3 Nf6 4.e3 Be7 5.d4 O-O 6.Be2 b6 7.O-O d6 8.b3 Nbd7
9.Bb2 a6 10.Qc2 Bb7 11.Rfd1 cxd4 12.Nxd4 Rc8 13.Rac1 Qc7 14.Bf3 Bxf3 15.Nxf3 Qb7
16.Qe2 Rc7 17.h3 Rfc8 18.Nd4 Bf8 19.Qf3 Qb8 20.Ne4 Nxe4 21.Qxe4 b5 22.cxb5 Nc5
23.Qb1 axb5 24.Nf3 h6 25.Bd4 Qb7 26.Nd2 d5 27.Rc2 Na6 28.Rdc1 b4 29.e4 dxe4
30.Rxc7 Rxc7 31.Rxc7 Qxc7 32.Nxe4 Qc6 33.Nd2 Nc7 34.Nc4 Nb5 35.Bb2 Qd5 36.Qc2 Bc5
37.Kf1 f6 38.Kg1 e5 39.Kf1 e4 40.Nd2 Nd6 41.Nc4 Nf5 42.a4 e3 43.fxe3 Bxe3
44.Ke1 Bg5 45.Kf1 Be3 46.Ke1 Bf4 47.a5 Qc5 48.Qe2 Ng3 49.Qf2 Qf5 50.Bc1 Qe4+
51.Ne3 Nf5 52.Ke2 Nd4+ 53.Kf1 Qd3+ 54.Kg1 Ne2+ 55.Kh1 Ng3+ 56.Kg1 Bxe3 57.Bxe3 Qd1+
58.Kh2 Nf1+ 59.Kg1 Nxe3+ 60.Kh2 Nf1+ 61.Kg1 Nd2+ 62.Kh2 Ne4 63.Qb6 Qd6+ 64.Qxd6 Nxd6
65.Kg3 Kf7 66.a6 Nb5 67.Kf4 h5  0-1

[Event "GMA-Open"]
[Site "Belgrade"]
[Date "1988.??.??"]
[Round "?"]
[White "Atanasijadis, Antimos"]
[Black "Nestorovic, Dejan"]
[Result "0-1"]
[WhiteElo "2260"]
[BlackElo "2370"]

1.Nf3 Nf6 2.c4 g6 3.Nc3 c5 4.g3 Bg7 5.Bg2 O-O 6.O-O Nc6 7.d4 d6 8.d5 Na5
9.Nd2 e5 10.b3 Ng4 11.e4 f5 12.exf5 gxf5 13.h3 Nf6 14.Bb2 b6 15.Qc2 Nb7 16.Rae1 Qe8
17.f4 e4 18.Re3 Qg6 19.Ne2 h5 20.Kh2 Bd7 21.Ng1 b5 22.Bxf6 Bxf6 23.h4 Bd4
24.Ree1 b4 25.Nh3 Nd8 26.Ng5 Nf7 27.Ndxe4 Nh6 28.Bh3 Ng4+ 29.Bxg4 fxg4 30.Nxd6  0-1

[Event "GMA-Open"]
[Site "Belgrade"]
[Date "1988.??.??"]
[Round "?"]
[White "Ivanka Budinsky, Maria"]
[Black "Mencinger, Vojko"]
[Result "1/2-1/2"]
[WhiteElo "2310"]
[BlackElo "2385"]

1.Nf3 Nf6 2.c4 c5 3.Nc3 g6 4.g3 Bg7 5.Bg2 O-O 6.O-O Nc6 7.d3 Rb8 8.Bf4 d6
9.Qd2 a6 10.Bh6 b5 11.h3 Bd7 12.Bxg7 Kxg7 13.b3 e5 14.Kh2 h6 15.e3 Re8 16.Ng1 Nh7
17.f4 f5 18.Nd5 Nf6 19.Ne2 Nxd5 20.cxd5 Na7 21.fxe5 dxe5 22.b4 cxb4 23.Qxb4 Qb6
24.e4 a5 25.Qb2 b4 26.d4 a4 27.dxe5 a3 28.Qd4 Qxd4 29.Nxd4 Rxe5 30.exf5 Bxf5
31.Rac1 Rb7 32.g4 Bc8 33.Rf2 Rf7 34.Rxf7+ Kxf7 35.Rb1 Bb7 36.Rxb4 Bxd5 37.Bxd5+ Rxd5
38.Rb7+ Kf6 39.Rxa7 Rxd4 40.Rxa3 h5 41.Kg3 hxg4 42.Ra6+ Kf5 43.Ra5+ Kf6 44.hxg4 g5  1/2-1/2

[Event "Berlin op"]
[Site "Berlin-West"]
[Date "1988.??.??"]
[Round "2"]
[White "Akesson, Ralf"]
[Black "Szalanczy, Emil"]
[Result "1-0"]
[WhiteElo "2430"]
[BlackElo "2400"]

1.Nf3 c5 2.c4 Nf6 3.Nc3 g6 4.e4 d6 5.d4 Bg7 6.Be2 O-O 7.O-O Nc6 8.d5 Na5
9.h3 e5 10.a3 b6 11.Ne1 Ne8 12.b4 Nb7 13.Nd3 f5 14.Rb1 Qh4 15.bxc5 dxc5 16.f3 Ned6
17.Nf2 Bd7 18.Qc2 Rae8 19.Kh2 f4 20.Bd2 h5 21.a4 Qe7 22.Nb5 Nxb5 23.cxb5 Nd6
24.a5 Bf6 25.axb6 axb6 26.Ra1 Bh4 27.Ra7 Rf7 28.Qa2 Qd8 29.Kg1 Bxb5 30.Bxb5 Rxa7
31.Qxa7 Nxb5 32.Qb7 Qc7 33.Qxc7 Nxc7 34.Rb1 Ra8 35.Bc3 Ra2 36.Nd1 Bf6 37.Rxb6 Ne8
38.Re6 Kf7 39.Kf1 Nc7 40.Rb6 Na6 41.Nb2 Nb4 42.Bxb4 cxb4 43.Rxb4 Bh4 44.Rb7+ Ke8
45.Ke2 Be7 46.Kd3 Bc5 47.Nc4 Bd4 48.Nd6+ Kd8 49.Nf7+ Kc8 50.Nd6+ Kd8 51.Nf7+ Kc8
52.Re7 Be3 53.d6 Rd2+ 54.Kc4 g5 55.Rxe5 Kd7 56.Re7+ Kc6 57.d7  1-0

[Event "Berlin op"]
[Site "Berlin-West"]
[Date "1988.??.??"]
[Round "2"]
[White "Lehmann, Heinz Dr"]
[Black "Foisor, Ovidiu"]
[Result "0-1"]
[WhiteElo "2285"]
[BlackElo "2475"]

1.c4 Nf6 2.Nc3 c5 3.Nf3 e6 4.g3 b6 5.Bg2 Bb7 6.O-O a6 7.d3 Be7 8.e4 d6 9.Re1 O-O
10.d4 cxd4 11.Nxd4 Qc7 12.Nc2 Nbd7 13.Bd2 Rac8 14.Ne3 Qb8 15.Qe2 Rfe8 16.b3 Bc6
17.Nc2 Bf8 18.Nd4 Bb7 19.a4 g6 20.Rad1 Bg7 21.Bc1 Nc5 22.Qc2 Qa8 23.f3 Qb8
24.Nde2 Red8 25.Bf4 h6 26.Be3 d5 27.exd5 exd5 28.Bf2 dxc4 29.bxc4 Rxd1 30.Rxd1 Qa8
31.Nd4 Ng4 32.Nce2 Ne5 33.Nf4 Nxf3+ 34.Bxf3 Bxf3 35.Nxf3 Qxf3 36.Nd5 Re8
37.Re1 Rxe1+ 38.Bxe1 Nd3 39.Bf2 Nxf2 40.Qxf2 Qd1+ 41.Kg2 Bd4 42.Qf3 Qc2+
43.Kh3 Qxc4 44.Ne7+ Kg7 45.Nc6 Bf6 46.a5 bxa5 47.g4 a4 48.Nb8 Qc3  0-1

[Event "Berlin op"]
[Site "Berlin-West"]
[Date "1988.??.??"]
[Round "2"]
[White "Barle, Janez"]
[Black "Schoen, Wolfram"]
[Result "0-1"]
[WhiteElo "2420"]
[BlackElo "2430"]

1.Nf3 Nf6 2.c4 c5 3.Nc3 d5 4.cxd5 Nxd5 5.e3 Nxc3 6.bxc3 g6 7.d4 Bg7 8.Be2 O-O
9.O-O Qc7 10.a4 Rd8 11.Ba3 b6 12.Rc1 Nc6 13.Nd2 Na5 14.Nb3 Nb7 15.Bf3 Bd7
16.a5 Bc6 17.Bxc6 Qxc6 18.Qc2 e6 19.a6 Nd6 20.dxc5 Nc4 21.Bb4 bxc5 22.Nxc5 Rd5
23.Nb3 Qxa6 24.e4 Rdd8 25.Qe2 Qc8 26.Na5 Ne5 27.Rfd1 Qc7 28.h3 Bf8 29.Kh1 Qb6
30.f4 Rxd1+ 31.Rxd1 Nc6 32.Nxc6 Qxc6 33.Ra1 Qc7 34.e5 Bxb4 35.cxb4 Qc3 36.Rb1 Qd4
37.Qf3 Rc8 38.b5 Kg7 39.Qg3 h6 40.Qh4 g5 41.Qg4 Qxf4 42.Qxf4 gxf4 43.b6 axb6
44.Rxb6 Kg6 45.Rb7 Rc5 46.Rb4 Kf5 47.Rb7 Kxe5 48.Rxf7 Ke4 49.Kg1 Ke3 50.Ra7 Rc1+
51.Kh2 e5 52.Ra6 h5 53.Rh6 e4 54.Rxh5 Kf2 55.Rf5 f3 56.h4 Rg1 57.gxf3 e3
58.Re5 Rg2+ 59.Kh3 Rg3+ 60.Kh2 Rxf3 61.h5 e2  0-1

[Event "Berlin op"]
[Site "Berlin-West"]
[Date "1988.??.??"]
[Round "7"]
[White "Groszpeter, Attila"]
[Black "Dizdarevic, Emir"]
[Result "0-1"]
[WhiteElo "2510"]
[BlackElo "2495"]

1.c4 c5 2.Nc3 Nf6 3.Nf3 e6 4.g3 Be7 5.Bg2 O-O 6.O-O a6 7.d4 cxd4 8.Nxd4 Qc7
9.Bf4 d6 10.Nb3 Nh5 11.Be3 Nd7 12.Rc1 Rb8 13.Ba7 Ra8 14.Be3 Rb8 15.g4 Nhf6
16.g5 Ng4 17.Bf4 b6 18.Nd4 Bb7 19.e4 Nge5 20.b3 h6 21.gxh6 g5 22.Bg3 Kh7
23.Nd5 exd5 24.cxd5 Qd8 25.Nc6 Qe8 26.Bh3 Rc8 27.Nxe5 Nxe5 28.Bxe5 dxe5 29.Bf5+ Kh8
30.Bxc8 Bxc8 31.d6 Bf6 32.Qf3 Qe6 33.Rfd1 Bd8 34.Rc3 Bd7 35.Qf5 Qe8 36.Qf3 Kh7
37.Qe2 Qe6 38.Rg3 b5 39.Qe3 Rg8 40.Qf3 Bb6 41.Qf5+ Qxf5 42.exf5 Bxf5 43.Rc3 Bd4
44.Rc7 Be6 45.Rdc1 Rd8 46.R1c6 a5 47.Kf1 Kxh6 48.Ke2 a4 49.bxa4 bxa4 50.a3 Bb2
51.Ra6 Bxa3 52.d7 Bb2 53.Rxa4 Rxd7 54.Rc6 Bd4  0-1

[Event "Berlin op"]
[Site "Berlin-West"]
[Date "1988.??.??"]
[Round "7"]
[White "Barle, Janez"]
[Black "Hennig, Dirk"]
[Result "1/2-1/2"]
[WhiteElo "2420"]
[BlackElo "2335"]

1.Nf3 Nf6 2.c4 c5 3.Nc3 d5 4.cxd5 Nxd5 5.d4 Nxc3 6.bxc3 g6 7.e3 Bg7 8.Be2 O-O
9.O-O Qc7 10.Ba3 b6 11.Qa4 Bd7 12.Qc4 Be6 13.d5 Bc8 14.Qb3 Nd7 15.Rad1 Nf6
16.c4 Ne8 17.Bb2 e5 18.dxe6 Bxe6 19.Ng5 Bf5 20.Bf3 Rd8 21.Bxg7 Nxg7 22.Ne4 Bxe4
23.Bxe4 Rxd1 24.Rxd1 Rd8 25.Bd5 Nf5 26.Qd3 Kg7 27.Qc3+ f6 28.g4 Ne7 29.g5 Qe5
30.gxf6+ Qxf6 31.Qa3 a5 32.Qb3 g5 33.Rd2 Rd6 34.Qd1 Qe5 35.a4 Rh6 36.Bg2 Qxh2+
37.Kf1 Rf6 38.Qa1 Qh4 39.Kg1 Kg6 40.Qe5 Nf5 41.Rd7 Nd6 42.Rxd6 Qxf2+ 43.Kh2 Qh4+
44.Kg1 Qe1+ 45.Kh2  1/2-1/2

[Event "Berlin op"]
[Site "Berlin-West"]
[Date "1988.??.??"]
[Round "7"]
[White "Wintzer, Joachim"]
[Black "Filipovic, Branko"]
[Result "0-1"]
[WhiteElo "2190"]
[BlackElo "2440"]

1.c4 Nf6 2.Nc3 c5 3.Nf3 d5 4.cxd5 Nxd5 5.d4 Nxc3 6.bxc3 g6 7.e3 Bg7 8.Bd3 O-O
9.O-O Qc7 10.Rb1 Nd7 11.Qe2 b6 12.e4 e5 13.d5 Nf6 14.c4 Ne8 15.Bb2 f6 16.Bc3 Nd6
17.a4 Bd7 18.a5 b5 19.cxb5 c4 20.Bc2 Nxb5 21.Qd2 Bh6 22.Qxh6 Nxc3 23.Rbe1 Nb5
24.h4 Nd6 25.Ra1 Rab8 26.Qc1 Qc5 27.h5 Kg7 28.Re1 Rb4 29.g3 Nf7 30.hxg6 hxg6
31.Kg2 Bh3+ 32.Kg1 Rh8 33.Qa3 Bg4 34.Kg2 Bxf3+ 35.Kxf3 Ng5+ 36.Ke2 c3 37.Reb1 Rh2  0-1

[Event "Berlin op"]
[Site "Berlin-West"]
[Date "1988.??.??"]
[Round "8"]
[White "Akesson, Ralf"]
[Black "Kindermann, Stefan"]
[Result "1/2-1/2"]
[WhiteElo "2430"]
[BlackElo "2525"]

1.Nf3 Nf6 2.c4 c5 3.Nc3 e6 4.g3 b6 5.Bg2 Bb7 6.O-O Be7 7.Re1 Nc6 8.e4 O-O
9.d4 cxd4 10.Nxd4 Nxd4 11.Qxd4 d6 12.b3 Qc7 13.Bb2 Rfd8 14.h3 Bf8 15.Rac1 Rac8
16.Kh2 Qb8 17.Qd3 a6 18.a4 Nd7 19.Qb1 Bc6 20.Ne2 Nc5 21.Ba3 Ba8 22.Nc3 Be7
23.Re2 Bf6 24.Qc2 b5 25.axb5 Bxc3 26.Qxc3 axb5 27.b4 Nd7 28.Qb3 bxc4 29.Rxc4 Rxc4
30.Qxc4 Ne5 31.Qc1 d5 32.exd5 exd5 33.Qc5 Rc8 34.Qd4 Nc4 35.Bb2 Nxb2  1/2-1/2

[Event "Berlin op"]
[Site "Berlin-West"]
[Date "1988.??.??"]
[Round "8"]
[White "Ionescu, Constantin"]
[Black "Szalanczy, Emil"]
[Result "1-0"]
[WhiteElo "2465"]
[BlackElo "2400"]

1.c4 Nf6 2.Nc3 c5 3.Nf3 g6 4.e4 d6 5.d4 Bg7 6.Be2 O-O 7.O-O Nc6 8.d5 Na5
9.h3 e5 10.Bg5 b6 11.Nd2 Kh8 12.Bd3 h6 13.Bh4 Qe8 14.g4 Nh7 15.Kh2 Bf6 16.Bg3 Bg5
17.Nf3 Qe7 18.Nxg5 hxg5 19.f3 Kg7 20.Qc2 Bd7 21.Kg2 Rh8 22.Rh1 Rag8 23.a3 Nf8
24.b4 Nb7 25.Nd1 a6 26.Ne3 Nh7 27.Rhb1 Nf6 28.bxc5 Nxc5 29.Rxb6 Ba4 30.Qc3 Nfd7
31.Rb2 Nxd3 32.Qxd3 Nc5 33.Qd4 Qf6 34.Rb6 Re8 35.Rh1 Bd7 36.Qd2 a5 37.Qxa5 Ra8
38.Qb4 Ba4 39.Qc3 Rhe8 40.h4 Qd8 41.Rb4 Bd7 42.h5 Qa5 43.Nc2 Ba4 44.Ne3 Bd7
45.hxg6 fxg6 46.Ra1 Na6 47.Rb3 Nc5 48.Qxa5 Rxa5 49.Rb6 Kf7 50.Rxd6 Rb8 51.Bxe5 Ke7  1-0

[Event "Berlin op"]
[Site "Berlin-West"]
[Date "1988.??.??"]
[Round "9"]
[White "Bang, Andreas"]
[Black "Zsinka, Laszlo"]
[Result "0-1"]
[WhiteElo "2280"]
[BlackElo "2420"]

1.Nf3 Nf6 2.c4 e6 3.Nc3 c5 4.d4 cxd4 5.Nxd4 a6 6.a3 Qc7 7.e4 b6 8.f4 Bb7
9.Bd3 Nc6 10.Nxc6 Qxc6 11.Qe2 Bc5 12.Be3 Bxe3 13.Qxe3 O-O 14.e5 Qxg2 15.Rg1 Qxb2
16.Rc1 Ne8 17.f5 exf5 18.Bxf5 Qxa3  0-1

[Event "Bern"]
[Site "Bern"]
[Date "1988.??.??"]
[Round "?"]
[White "Wirthensohn, Heinz"]
[Black "Kudrin, Sergey"]
[Result "0-1"]
[WhiteElo "2425"]
[BlackElo "2555"]

1.Nf3 Nf6 2.c4 c5 3.Nc3 b6 4.e3 g6 5.d4 Bg7 6.Be2 O-O 7.O-O d6 8.b3 Bb7 9.Bb2 e6
10.dxc5 bxc5 11.a3 Nc6 12.Rb1 Qe7 13.Ba1 Rfd8 14.Qc2 Rac8 15.Rfd1 Ba8 16.b4 cxb4
17.axb4 Nd7 18.Qa2 Nb6 19.Na4 Bxa1 20.Nxb6 axb6 21.Qxa1 Bb7 22.Qb2 Ra8 23.Ra1 Rxa1
24.Rxa1 Ra8 25.Rxa8+ Bxa8 26.Qa3 Qa7 27.Qxa7 Nxa7 28.Nd4 Kf8 29.Bf3 Bxf3
30.gxf3 Ke7 31.f4 Kd7 32.Kf1 Nc6 33.Nc2 e5 34.fxe5 Nxe5 35.Na3 Nd3 36.Nc2 Ne5
37.Na3 Kc6 38.Ke2 d5 39.cxd5+ Kxd5 40.f4 Nc6 41.b5 Na7 42.Kd3 Kc5 43.e4 Nxb5
44.Nc4 Nd6 45.Nd2 f5 46.Nb3+ Kb4 47.e5 Ne4 48.Nd4 Kc5 49.Ne6+ Kd5 50.Nc7+ Kc6  0-1

[Event "Bern"]
[Site "Bern"]
[Date "1988.??.??"]
[Round "?"]
[White "Wirthensohn, Heinz"]
[Black "Adler, Joel"]
[Result "1/2-1/2"]
[WhiteElo "2425"]
[BlackElo "2290"]

1.Nf3 c5 2.c4 Nf6 3.Nc3 b6 4.a3 e6 5.e3 g6 6.d4 Bg7 7.dxc5 bxc5 8.e4 O-O
9.Bd3 d5 10.exd5 exd5 11.O-O Bb7 12.cxd5 Nbd7 13.Be2 Nb6 14.Be3 Rc8 15.Rc1 Nfxd5
16.Nxd5 Nxd5 17.Bxc5 Bxb2 18.Rc2 Nc3 19.Qxd8  1/2-1/2

[Event "Bielsko Biala"]
[Site "Bielsko Biala"]
[Date "1988.??.??"]
[Round "6"]
[White "Staniszewski, Piotr"]
[Black "Podlesnik, Bogdan"]
[Result "1/2-1/2"]
[WhiteElo "2440"]
[BlackElo "2345"]

1.c4 c5 2.Nc3 Nf6 3.Nf3 e6 4.g3 d5 5.cxd5 Nxd5 6.Bg2 Nc6 7.O-O Be7 8.d4 O-O
9.Nxd5 exd5 10.dxc5 Bxc5 11.Qc2 Bb6 12.Ng5 g6 13.Qd2 d4 14.b3 Qe7 15.Bb2 Bf5
16.Rac1 f6 17.Bd5+ Kg7 18.Nf3 Be4 19.Ba3 Qxa3 20.Bxe4 Qd6 21.Bxc6 bxc6 22.Rc4 Rad8
23.Rfc1 c5 24.Ne1 Rfe8 25.Nd3 Qe7 26.R1c2 Rd5 27.Qc1 g5 28.Qf1 Qe4 29.Qg2 f5
30.Nxc5 Qxg2+ 31.Kxg2 Bxc5 32.Rxc5 Rxc5 33.Rxc5 Rxe2 34.Rxf5 Kg6 35.Ra5 d3
36.Rxa7 Kf5 37.Rd7 Ke4 38.a4 Rb2 39.a5 Rxb3 40.a6 h5 41.a7  1/2-1/2